PSG Squad 2020/21 - Statistics

General Stats
  • This quiz has been taken 144 times
  • The average score is 19 of 25
Answer Stats
Number Position Nation Player % Correct
1 GK Costa Rica Keylor Navas
100%
7 FW France Kylian Mbappe
97%
10 FW Brazil Neymar
97%
5 DF Brazil Marquinhos
95%
3 DF France Presnel Kimpembe
94%
6 MF Italy Marco Verratti
93%
11 FW Argentina Angel Di Maria
92%
9 FW Argentina Mauro Icardi
88%
8 MF Argentina Leandro Paredes
83%
4 DF Germany Thilo Kehrer
81%
27 MF Senegal Idrissa Gueye
79%
23 MF Germany Julian Draxler
79%
14 DF Spain Juan Bernat
77%
15 MF Portugal Danilo Pereira
70%
16 GK Spain Sergio Rico
70%
21 MF Spain Ander Herrera
67%
18 FW Italy Moise Kean
67%
19 MF Spain Pablo Sarabia
62%
24 DF Italy Alessandro Florenzi
60%
20 DF France Layvin Kurzawa
57%
12 MF Brazil Rafinha
57%
22 DF France Abdou Diallo
56%
25 DF Netherlands Mitchel Bakker
56%
31 DF France Colin Dagba
52%
30 GK France Alexandre Letellier
43%
No matching quizzes found
Score Distribution
Percent of People with Each Score
Percentile by Number Answered
Your Score History
You have not taken this quiz